Reformas electorales y desproporcionalidad en las elecciones parlamentarias de 2010 /
Sábháilte in:
| Príomhchruthaitheoir: | |
|---|---|
| Formáid: | Téacs |
| Clibeanna: |
Cuir clib leis
Níl clibeanna ann, Bí ar an gcéad duine le clib a chur leis an taifead seo!
|
MARC
| LEADER | 00000 a a2200000 04500 | ||
|---|---|---|---|
| 001 | 46727 | ||
| 003 | |||
| 040 | |||
| 100 | |a Briceño Montesinos, Héctor Gabriel | ||
| 245 | |a Reformas electorales y desproporcionalidad en las elecciones parlamentarias de 2010 / |c Héctor Gabriel Briceño Montesinos | ||
| 773 | |g volumen27, número47 (2011), páginas 13-38 : tablas | ||
| 999 | |c 21211 |d 21211 | ||
